| 000 | 00746nam a22002417a 4500 | ||
|---|---|---|---|
| 003 | OSt | ||
| 005 | 20230222030845.0 | ||
| 008 | 160301b xxu||||| |||| 00| 0 eng d | ||
| 010 | _a 94041658 | ||
| 020 | _a0838570569 | ||
| 040 |
_aMMU _cMMU _beng _dMMU _eMMU |
||
| 050 | 0 | 0 |
_aRT84.5 _b.N89 1995 |
| 100 | _aGeorge B. Julia | ||
| 245 | 0 | 0 |
_aNursing theories : _bthe base for professional nursing practice / _ceditor, Julia B. George. |
| 250 | _a4th ed. | ||
| 260 |
_aNorwalk, Conn. : _bAppleton & Lange, _cc1995. |
||
| 300 |
_ax, 469 p. : _bill. ; _c24 cm. |
||
| 500 | _aIncludes bibliographical references and index. | ||
| 650 | 0 |
_aNursing _xPhilosophy. |
|
| 650 | 1 | 2 | _aNursing Theory. |
| 700 | 1 | _aGeorge, Julia B. | |
| 942 |
_2lcc _cLOAN LOAN |
||
| 999 |
_c16563 _d16563 |
||